Social Science-IX-II (Record no. 4504)

MARC details
000 -LEADER
fixed length control field 00214nam a22000857a 4500
008 - FIXED-LENGTH DATA ELEMENTS--GENERAL INFORMATION
fixed length control field 161205b xxu||||| |||| 00| 0 eng d
100 ## - MAIN ENTRY--PERSONAL NAME
9 (RLIN) 1795
Personal name CBS
245 ## - TITLE STATEMENT
Title Social Science-IX-II
260 ## - PUBLICATION, DISTRIBUTION, ETC. (IMPRINT)
Place of publication, distribution, etc. New Delhi
Name of publisher, distributor, etc. V.K. Global
Date of publication, distribution, etc. 2016
Holdings
Withdrawn status Lost status Source of classification or shelving scheme Damaged status Koha normalized classification for sorting Not for loan Home library Current library Shelving location Date acquired Total Checkouts Total Renewals Full call number Barcode Date last seen Date last checked out Price effective from Koha item type
    Dewey Decimal Classification   300_000000000000000   Good Samaritan School Library Good Samaritan School Library Social Science 12/05/2016 6 2 300 CBS14150 02/15/2019 02/07/2019 12/05/2016 BOOK
    Dewey Decimal Classification   300_000000000000000   Good Samaritan School Library Good Samaritan School Library Social Science 12/05/2016     300 CBS14151 12/05/2016   12/05/2016 BOOK

Powered by Koha